00689nam a2200181 i 4500001000300000245002800003260004300031300004200074490007200116500003400188700003700222830007800259040000800337041000800345080001500353008004100368856009800409bg00aFizyka i chemia metali. aKatowice :bUniwer. Śląski,c1978. as. 122, nlb. 2 :brys., ilustr., tab.1 aPrace Naukowe Uniwer. Śląskiego. Fizyka i Chemia Metali ;vT. 3 aNumeracja ser. gł. : Nr 209.1 aKOZARZEWSKI, Bohdan.ered. nauk. 0aPrace Naukowe Uniwersytetu Śląskiego.pFizyka i Chemia Metali ;vT. 3 cBPK apol a669.01:546 s pl f |000 0 pol  uhttp://koha.tu.koszalin.pl/cgi-bin/koha/opac-detail.pl?biblionumber=18464yKatalog online BPK